000 00464nam a2200169Ia 4500
003 GCL
008 140319s9999 xx 000 0 ara d
040 _aGCL /
_cGCL
082 0 4 _a342.02
_bم د
100 1 _aمصلحة الاستعلامات
245 1 0 _aالدستور: 25 مارس 1964 /
_cمصلحة الاستعلامات
490 _aكتاب
_v0
650 0 4 _aالقانون
650 0 4 _aالدستور
650 0 4 _aالقاهرة
942 _2ddc
_cBK
999 _c40891
_d40891